00993pam a2200313 a 45000010005000000030006000050050017000110080041000280100017000690200015000860200018001010400023001190500014001420820013001561000027001692450078001962500041002742600038003153000041003534900027003945050007004215200079004285210018005075210018005256500020005436500035005637000037005988000044006356033FISKH20250226083808.0950919s1996 nyua j 000 1 eng  a 95042936  a0812096622 a9780340607732 aDLCcDLCdDLCbeng aPZ7.B1405 a 823.9141 aDaniels, Lucyd(1958-)10aGoat in the garden /cLucy Daniels ; illustrations by Shelagh McNicholas. aThis edition first published in 1994 aLondon :bHodder Headline,c1994. a154 pages :billustrations ;c20 cm.1 aAnimal Ark series ;v4 aP  aHoudini the goat gets in big trouble, and Mandy and James vow to save him.8 a630 bLexile 8 aP bRaz-Plus  1aGoatsxFiction. 1aAnimal ArkxProfession-farmers1 aMcNicholas, Shelagheillustrator1 aDaniels, Lucy.tAnimal Ark series ;v4.